[Event "VI Sunway Sitges Open 2019"]
[Site "Sitges"]
[Date "2019.12.18"]
[Round "6.32"]
[White "Shubin, Kirill"]
[Black "Sadzikowski, Daniel"]
[Result "0-1"]
[WhiteElo "2430"]
[BlackElo "2504"]
[Annotator "ChessBase"]
[PlyCount "80"]
[EventDate "2019.12.13"]
[EventType "swiss"]
[EventCountry "ESP"]
[SourceTitle "playchess.com"]
[Source "ChessBase"]
[SourceQuality "1"]
[TimeControl "40/5400+30:1800+30"]

1. e4 {[%emt 0:00:00]} c5 {[%emt 0:00:00]} 2. Nf3 {[%emt 0:00:00]} d6 {[%emt 0:00:00]} 3. Bb5+ {[%emt 0:00:00]} Nd7 {[%emt 0:00:04]} 4. Ba4 {[%emt 0:00:00]} Ngf6 {[%emt 0:00:04]} 5. O-O {[%emt 0:00:00]} e6 {[%emt 0:00:10]} 6. d3 {[%emt 0:00:00]} Be7 {[%emt 0:03:53]} 7. c4 {[%emt 0:00:23]} O-O {[%emt 0:01:54]} 8. Nc3 {[%emt 0:00:05]} Ne5 {[%emt 0:00:51]} 9. Ne1 {[%emt 0:07:39]} Bd7 {[%emt 0:05:26]} 10. Bb3 {[%emt 0:08:11]} Nc6 {[%emt 0:02:26]} 11. f4 {[%emt 0:00:07]} Nd4 {[%emt 0:02:23]} 12. Nf3 {[%emt 0:00:05]} Nxb3 {[%emt 0:11:11]} 13. axb3 {[%emt 0:00:20]} Bc6 {[%emt 0:00:02]} 14. Re1 {[%emt 0:03:56]} b6 {[%emt 0:07:57]} 15. Qe2 {[%emt 0:10:22]} Re8 {[%emt 0:00:37]} 16. Bd2 {[%emt 0:02:01]} Bf8 {[%emt 0:06:58]} 17. Kh1 {[%emt 0:07:43]} d5 {[%emt 0:07:14]} 18. e5 {[%emt 0:09:44]} Ng4 {[%emt 0:00:45]} 19. h3 {[%emt 0:05:06]} Nh6 {[%emt 0:01:07]} 20. Kh2 {[%emt 0:00:08]} Nf5 {[%emt 0:07:13]} 21. g4 {[%emt 0:01:00]} Nd4 {[%emt 0:02:42]} 22. Nxd4 {[%emt 0:00:04]} cxd4 {[%emt 0:00:08]} 23. Nd1 {[%emt 0:00:13]} a5 {[%emt 0:03:30]} 24. Nf2 {[%emt 0:01:07]} Qd7 {[%emt 0:03:33]} 25. g5 {[%emt 0:01:47]} Qb7 {[%emt 0:11:05]} 26. c5 {[%emt 0:13:34]} bxc5 {[%emt 0:00:09]} 27. Ng4 {[%emt 0:00:18]} Qxb3 {[%emt 0:03:00]} 28. Rg1 {[%emt 0:00:14]} Kh8 {[%emt 0:02:12]} 29. Rg3 {[%emt 0:00:46]} Qxb2 {[%emt 0:01:19]} 30. Rag1 {[%emt 0:00:06]} c4 {[%emt 0:01:24]} 31. R1g2 {[%emt 0:01:21]} c3 {[%emt 0:06:52]} 32. Nf6 {[%emt 0:00:07]} g6 {[%emt 0:00:05]} 33. Qg4 {[%emt 0:03:36]} cxd2 {[%emt 0:00:02]} 34. Qh4 {[%emt 0:00:13]} h6 {[%emt 0:00:10]} 35. gxh6 {[%emt 0:04:27]} Be7 {[%emt 0:05:26]} 36. f5 {[%emt 0:00:23]} exf5 {[%emt 0:02:13]} 37. e6 {[%emt 0:00:13]} fxe6 {[%emt 0:00:51]} 38. Qg5 {[%emt 0:01:24]} Rg8 {[%emt 0:01:00]} 39. h4 {[%emt 0:00:14]} Raf8 {[%emt 0:00:50]} 40. h7 {[%emt 0:00:00]} Rg7 {[%emt 0:00:00]} 0-1

[Event "VI Sunway Sitges Open 2019"]
[Site "Sitges"]
[Date "2019.12.18"]
[Round "6.33"]
[White "Zanan, Evgeny"]
[Black "Sekar, B."]
[Result "0-1"]
[WhiteElo "2493"]
[BlackElo "2176"]
[Annotator "ChessBase"]
[PlyCount "92"]
[EventDate "2019.12.13"]
[EventType "swiss"]
[EventCountry "ESP"]
[SourceTitle "playchess.com"]
[Source "ChessBase"]
[SourceQuality "1"]
[TimeControl "40/5400+30:1800+30"]

1. e4 {[%emt 0:09:42]} c5 {[%emt 0:00:00]} 2. Nf3 {[%emt 0:00:05]} d6 {[%emt 0:00:00]} 3. d4 {[%emt 0:00:06]} cxd4 {[%emt 0:00:00]} 4. Nxd4 {[%emt 0:00:04]} Nf6 {[%emt 0:00:00]} 5. Nc3 {[%emt 0:00:08]} a6 {[%emt 0:00:00]} 6. Bd3 {[%emt 0:03:15]} e5 {[%emt 0:00:01]} 7. Nde2 {[%emt 0:00:04]} Be7 {[%emt 0:00:05]} 8. O-O {[%emt 0:00:05]} Be6 {[%emt 0:01:00]} 9. f4 {[%emt 0:03:40]} O-O {[%emt 0:00:41]} 10. f5 {[%emt 0:01:34]} Bd7 {[%emt 0:00:46]} 11. Ng3 {[%emt 0:09:33]} Bc6 {[%emt 0:01:27]} 12. a4 {[%emt 0:03:55]} Nbd7 {[%emt 0:07:20]} 13. Be3 {[%emt 0:10:12]} d5 {[%emt 0:15:59]} 14. exd5 {[%emt 0:00:14]} Nxd5 {[%emt 0:00:02]} 15. Nxd5 {[%emt 0:00:05]} Bxd5 {[%emt 0:00:06]} 16. Qe2 {[%emt 0:15:22]} Nf6 {[%emt 0:07:50]} 17. c4 {[%emt 0:02:36]} Bc6 {[%emt 0:03:39]} 18. a5 {[%emt 0:00:31]} e4 {[%emt 0:11:26]} 19. Bc2 {[%emt 0:01:41]} Bd6 {[%emt 0:00:50]} 20. Nh5 {[%emt 0:22:49]} Be5 {[%emt 0:03:59]} 21. Rfd1 {[%emt 0:03:44]} Qc8 {[%emt 0:01:12]} 22. Nxf6+ {[%emt 0:02:12]} Bxf6 {[%emt 0:00:02]} 23. Qg4 {[%emt 0:00:07]} Bxb2 {[%emt 0:14:52]} 24. Rab1 {[%emt 0:00:12]} Bf6 {[%emt 0:00:25]} 25. Bxe4 {[%emt 0:01:11]} Qe8 {[%emt 0:01:22]} 26. Rd5 {[%emt 0:02:34]} Bxd5 {[%emt 0:00:20]} 27. cxd5 {[%emt 0:00:01]} Qa4 {[%emt 0:03:39]} 28. Bb6 {[%emt 0:04:43]} h5 {[%emt 0:05:03]} 29. Qf3 {[%emt 0:00:00]} Rfe8 {[%emt 0:00:15]} 30. Bd3 {[%emt 0:00:00]} Bd4+ {[%emt 0:00:19]} 31. Kh1 {[%emt 0:00:02]} Re3 {[%emt 0:01:30]} 32. Qd1 {[%emt 0:00:18]} Qxd1+ {[%emt 0:00:11]} 33. Rxd1 {[%emt 0:00:03]} Bxb6 {[%emt 0:00:06]} 34. axb6 {[%emt 0:00:01]} Rae8 {[%emt 0:00:45]} 35. Kg1 {[%emt 0:01:19]} Re1+ {[%emt 0:01:08]} 36. Rxe1 {[%emt 0:00:00]} Rxe1+ {[%emt 0:00:03]} 37. Kf2 {[%emt 0:00:00]} Re7 {[%emt 0:03:36]} 38. Kf3 {[%emt 0:00:07]} Rd7 {[%emt 0:00:56]} 39. Ke4 {[%emt 0:01:43]} Rd6 {[%emt 0:00:15]} 40. Kd4 {[%emt 0:00:00]} Rxb6 {[%emt 0:00:00]} 41. Kc5 {[%emt 0:00:12]} Rf6 {[%emt 0:00:41]} 42. d6 {[%emt 0:01:08]} Kf8 {[%emt 0:00:07]} 43. Be4 {[%emt 0:00:14]} Ke8 {[%emt 0:00:47]} 44. Bxb7 {[%emt 0:00:29]} Rxf5+ {[%emt 0:00:17]} 45. Kc6 {[%emt 0:00:04]} Kd8 {[%emt 0:00:13]} 46. Bxa6 {[%emt 0:00:56]} Rf2 {[%emt 0:00:04]} 0-1

[Event "VI Sunway Sitges Open 2019"]
[Site "Sitges"]
[Date "2019.12.18"]
[Round "6.34"]
[White "Bryakin, Mikhail"]
[Black "Garriga Cazorla, Pere"]
[Result "0-1"]
[WhiteElo "2428"]
[BlackElo "2484"]
[Annotator "ChessBase"]
[PlyCount "92"]
[EventDate "2019.12.13"]
[EventType "swiss"]
[EventCountry "ESP"]
[SourceTitle "playchess.com"]
[Source "ChessBase"]
[SourceQuality "1"]
[TimeControl "40/5400+30:1800+30"]

1. d4 {[%emt 0:00:00]} Nf6 {[%emt 0:01:10]} 2. c4 {[%emt 0:00:00]} e6 {[%emt 0:00:04]} 3. g3 {[%emt 0:00:00]} d5 {[%emt 0:00:05]} 4. Bg2 {[%emt 0:00:00]} dxc4 {[%emt 0:00:05]} 5. Nf3 {[%emt 0:00:05]} Nbd7 {[%emt 0:00:24]} 6. Nbd2 {[%emt 0:04:18]} b5 {[%emt 0:03:22]} 7. Ne5 {[%emt 0:05:49]} Nxe5 {[%emt 0:00:52]} 8. Bxa8 {[%emt 0:00:53]} Qxd4 {[%emt 0:00:42]} 9. Bg2 {[%emt 0:06:18]} Bc5 {[%emt 0:34:27]} 10. O-O {[%emt 0:00:31]} h5 {[%emt 0:00:07]} 11. Ne4 {[%emt 0:05:52]} Nxe4 {[%emt 0:03:24]} 12. Qxd4 {[%emt 0:00:17]} Bxd4 {[%emt 0:00:03]} 13. Bxe4 {[%emt 0:00:14]} Bd7 {[%emt 0:02:57]} 14. Rd1 {[%emt 0:03:58]} Bb6 {[%emt 0:07:06]} 15. Bd2 {[%emt 0:05:38]} a5 {[%emt 0:08:05]} 16. a3 {[%emt 0:08:20]} f6 {[%emt 0:02:53]} 17. Bc3 {[%emt 0:06:17]} Bc6 {[%emt 0:00:36]} 18. Bxc6+ {[%emt 0:05:59]} Nxc6 {[%emt 0:00:01]} 19. Rac1 {[%emt 0:02:55]} a4 {[%emt 0:02:44]} 20. Rd2 {[%emt 0:01:04]} Ke7 {[%emt 0:00:22]} 21. Rcd1 {[%emt 0:00:59]} Rd8 {[%emt 0:00:16]} 22. Bb4+ {[%emt 0:02:43]} Ke8 {[%emt 0:00:09]} 23. Rxd8+ {[%emt 0:00:44]} Nxd8 {[%emt 0:00:06]} 24. Bf8 {[%emt 0:02:09]} Kxf8 {[%emt 0:04:19]} 25. Rxd8+ {[%emt 0:00:05]} Ke7 {[%emt 0:00:04]} 26. Rb8 {[%emt 0:03:07]} Kd6 {[%emt 0:03:16]} 27. Kf1 {[%emt 0:00:30]} Kc6 {[%emt 0:03:12]} 28. e3 {[%emt 0:03:37]} Ba5 {[%emt 0:03:55]} 29. Ke2 {[%emt 0:01:13]} c3 {[%emt 0:00:25]} 30. Kd3 {[%emt 0:01:09]} cxb2 {[%emt 0:00:57]} 31. Kc2 {[%emt 0:00:03]} Bc3 {[%emt 0:00:35]} 32. Rh8 {[%emt 0:07:09]} f5 {[%emt 0:02:14]} 33. Rxh5 {[%emt 0:00:43]} b4 {[%emt 0:03:35]} 34. axb4 {[%emt 0:04:02]} a3 {[%emt 0:00:05]} 35. Kb1 {[%emt 0:00:04]} Kb5 {[%emt 0:01:18]} 36. Rh8 {[%emt 0:01:58]} Kxb4 {[%emt 0:02:37]} 37. Ka2 {[%emt 0:01:49]} Kc4 {[%emt 0:01:19]} 38. e4 {[%emt 0:09:12]} fxe4 {[%emt 0:01:26]} 39. h4 {[%emt 0:00:11]} c5 {[%emt 0:01:15]} 40. h5 {[%emt 0:00:00]} Kd3 {[%emt 0:00:00]} 41. Rb8 {[%emt 0:01:01]} Bb4 {[%emt 0:00:42]} 42. Kb1 {[%emt 0:00:30]} Kc3 {[%emt 0:00:10]} 43. Ra8 {[%emt 0:01:03]} Kb3 {[%emt 0:00:11]} 44. g4 {[%emt 0:00:52]} c4 {[%emt 0:00:06]} 45. g5 {[%emt 0:00:24]} c3 {[%emt 0:00:08]} 46. h6 {[%emt 0:00:10]} c2# {[%emt 0:00:05]} 0-1

[Event "VI Sunway Sitges Open 2019"]
[Site "Sitges"]
[Date "2019.12.18"]
[Round "6.35"]
[White "Alexiadis, Hristos"]
[Black "Erenberg, Ariel"]
[Result "1/2-1/2"]
[WhiteElo "2346"]
[BlackElo "2479"]
[Annotator "ChessBase"]
[PlyCount "50"]
[EventDate "2019.12.13"]
[EventType "swiss"]
[EventCountry "ESP"]
[SourceTitle "playchess.com"]
[Source "ChessBase"]
[SourceQuality "1"]
[TimeControl "40/5400+30:1800+30"]

1. e4 {[%emt 0:00:00]} e5 {[%emt 0:00:00]} 2. Nf3 {[%emt 0:00:09]} Nc6 {[%emt 0:00:00]} 3. Nc3 {[%emt 0:00:29]} Nf6 {[%emt 0:01:46]} 4. d4 {[%emt 0:00:10]} exd4 {[%emt 0:01:30]} 5. Nxd4 {[%emt 0:00:06]} Bb4 {[%emt 0:00:33]} 6. Nxc6 {[%emt 0:00:09]} bxc6 {[%emt 0:00:05]} 7. Bd3 {[%emt 0:00:05]} d5 {[%emt 0:00:08]} 8. exd5 {[%emt 0:00:05]} O-O {[%emt 0:00:22]} 9. O-O {[%emt 0:00:07]} cxd5 {[%emt 0:00:02]} 10. h3 {[%emt 0:00:19]} c6 {[%emt 0:02:59]} 11. Qf3 {[%emt 0:00:21]} Bd6 {[%emt 0:02:05]} 12. Bg5 {[%emt 0:01:22]} h6 {[%emt 0:00:42]} 13. Bxf6 {[%emt 0:02:20]} Qxf6 {[%emt 0:00:03]} 14. Qxf6 {[%emt 0:00:05]} gxf6 {[%emt 0:00:07]} 15. Ne2 {[%emt 0:00:09]} Rb8 {[%emt 0:03:35]} 16. b3 {[%emt 0:00:09]} c5 {[%emt 0:00:58]} 17. Rad1 {[%emt 0:06:25]} Be6 {[%emt 0:01:17]} 18. c3 {[%emt 0:00:15]} Rfd8 {[%emt 0:10:11]} 19. Bc2 {[%emt 0:03:27]} Kg7 {[%emt 0:07:02]} 20. f4 {[%emt 0:24:53]} f5 {[%emt 0:04:38]} 21. Ng3 {[%emt 0:18:31]} Kg6 {[%emt 0:00:19]} 22. Ne2 {[%emt 0:10:32]} Kf6 {[%emt 0:01:04]} 23. Ng3 {[%emt 0:00:07]} Kg6 {[%emt 0:00:39]} 24. Ne2 {[%emt 0:00:20]} Kf6 {[%emt 0:14:45]} 25. Ng3 {[%emt 0:00:09]} Kg6 {[%emt 0:00:41]} 1/2-1/2

[Event "VI Sunway Sitges Open 2019"]
[Site "Sitges"]
[Date "2019.12.18"]
[Round "6.36"]
[White "Maghsoodloo, Parham"]
[Black "Manu David Suthandram R"]
[Result "1-0"]
[WhiteElo "2690"]
[BlackElo "2369"]
[Annotator "TA"]
[PlyCount "89"]
[EventDate "2019.12.13"]
[EventType "swiss"]
[EventCountry "ESP"]
[SourceTitle "playchess.com"]
[Source "ChessBase"]
[SourceQuality "1"]

{[%evp 9,89,42,47,45,46,41,41,36,65,33,49,48,29,39,45,39,35,37,33,30,31,23,40,43,49,24,37,47,47,62,77,63,75,65,167,169,169,157,163,156,199,181,342,341,333,326,362,361,352,253,275,278,354,287,345,350,301,310,424,384,383,383,372,388,411,413,411,417,408,410,378,410,391,395,400,386,347,352,622,616,575,560]} 1. e4 c5 2. Nf3 Nc6 3. Bb5 e5 4. O-O Bd6 5. c3 Nge7 (5... a6 6. Bxc6 dxc6 7. d4 exd4 8. cxd4 Bg4 9. e5 Bc7 10. dxc5 Qxd1 11. Rxd1 Bxf3 12. gxf3 Bxe5 {½-½ (31) Giri,A (2797)-Rapport,R (2726) Shenzhen 2019}) 6. d4 {B30: Sicilian: 2...Nc6 3 Bb5, lines without ...g6} cxd4 7. cxd4 exd4 8. Nxd4 {White is slightly better.} Qc7 9. h3 $146 ({Predecessor:} 9. Nf3 Ne5 10. Nxe5 Bxe5 11. f4 Qc5+ {0-1 (65) Meszaros,L (2119)-Jirasek,P (2306) Hradec Kralove 2014}) 9... Nxd4 10. Qxd4 O-O 11. Nc3 a6 12. Ba4 Bc5 13. Qd3 d6 14. Bg5 Be6 15. Bb3 Ng6 16. Nd5 $36 {[%mdl 2048] White has good play.} Qd7 17. Kh1 Kh8 18. Rad1 f5 19. exf5 Rxf5 {[#]} 20. f4 $1 Raf8 $1 21. Qe4 {Nb6! is the strong threat.} Qf7 ({Better is} 21... Re8 $14 22. Nc7 Bxb3 23. Qxe8+ Qxe8 24. Nxe8 Bxd1 25. Rxd1 h6 26. Nxd6 Bxd6 27. Rxd6 Nxf4 28. Bxf4 Rxf4) 22. Rfe1 $18 h6 23. Qxe6 hxg5 24. Nc7 Qf6 25. Bc2 gxf4 $2 {[#]} (25... Nxf4 {was worth a try.} 26. Qxf5 Qxf5 27. Bxf5 Rxf5) 26. Bxf5 ({Less strong is} 26. Qxf5 Qxf5 27. Bxf5 Rxf5 $18) 26... Qxf5 27. Rd5 Qxe6 28. Nxe6 ({Inferior is} 28. Rxe6 f3 $11) 28... Re8 29. Re2 Be3 30. Rxd6 Kh7 31. Rc2 Nh4 32. Ng5+ Kg8 33. Rd5 g6 34. Nf3 Nf5 {intending ...Ng3+.} 35. Kh2 Re7 36. h4 Bb6 37. Kh3 Kg7 {If Black can now play ...Ne3 this consolidates a bit.} 38. Re5 Rd7 39. Re6 Bc7 40. Rd2 Rxd2 41. Nxd2 Kf7 42. Re4 Ne3 43. Nc4 Nd1 $2 (43... Nd5 44. Ne5+ Kf6) 44. Re2 b5 45. Rd2 {Accuracy: White = 89%, Black = 52%.} 1-0

[Event "VI Sunway Sitges Open 2019"]
[Site "Sitges"]
[Date "2019.12.18"]
[Round "6.37"]
[White "Adly, Ahmed"]
[Black "Sankalp Gupta"]
[Result "1-0"]
[WhiteElo "2607"]
[BlackElo "2365"]
[Annotator "ChessBase"]
[PlyCount "91"]
[EventDate "2019.12.13"]
[EventType "swiss"]
[EventCountry "ESP"]
[SourceTitle "playchess.com"]
[Source "ChessBase"]
[SourceQuality "1"]
[TimeControl "40/5400+30:1800+30"]

1. Nf3 {[%emt 0:05:07]} Nf6 {[%emt 0:02:23]} 2. d4 {[%emt 0:00:00]} d5 {[%emt 0:00:06]} 3. g3 {[%emt 0:00:00]} c6 {[%emt 0:00:13]} 4. Bg2 {[%emt 0:00:00]} h6 {[%emt 0:00:11]} 5. O-O {[%emt 0:00:00]} Bf5 {[%emt 0:00:02]} 6. c4 {[%emt 0:00:01]} e6 {[%emt 0:00:14]} 7. Nc3 {[%emt 0:00:41]} Be7 {[%emt 0:00:51]} 8. Qb3 {[%emt 0:00:10]} Qb6 {[%emt 0:00:26]} 9. c5 {[%emt 0:00:02]} Qa6 {[%emt 0:00:19]} 10. Re1 {[%emt 0:00:29]} b6 {[%emt 0:00:43]} 11. cxb6 {[%emt 0:00:41]} axb6 {[%emt 0:00:29]} 12. Ne5 {[%emt 0:00:05]} O-O {[%emt 0:01:56]} 13. e4 {[%emt 0:00:09]} dxe4 {[%emt 0:06:44]} 14. Nxe4 {[%emt 0:00:04]} Bxe4 {[%emt 0:03:47]} 15. Bxe4 {[%emt 0:00:38]} Qa5 {[%emt 0:00:14]} 16. Qe3 {[%emt 0:06:29]} Nxe4 {[%emt 0:01:18]} 17. Qxe4 {[%emt 0:00:02]} Qd5 {[%emt 0:00:57]} 18. Qxd5 {[%emt 0:00:03]} cxd5 {[%emt 0:01:06]} 19. Bf4 {[%emt 0:03:46]} Bd6 {[%emt 0:07:55]} 20. Rec1 {[%emt 0:13:20]} Ra4 {[%emt 0:02:18]} 21. Be3 {[%emt 0:00:13]} Rd8 {[%emt 0:03:05]} 22. b3 {[%emt 0:07:12]} Ra3 {[%emt 0:02:10]} 23. Nd3 {[%emt 0:00:29]} Kf8 {[%emt 0:01:55]} 24. Rc2 {[%emt 0:00:31]} Ke7 {[%emt 0:00:40]} 25. Bd2 {[%emt 0:01:56]} Rd7 {[%emt 0:14:15]} 26. Bb4 {[%emt 0:04:09]} Bxb4 {[%emt 0:07:35]} 27. Nxb4 {[%emt 0:00:02]} Na6 {[%emt 0:00:13]} 28. Nc6+ {[%emt 0:00:07]} Kd6 {[%emt 0:02:01]} 29. Rac1 {[%emt 0:00:05]} f6 {[%emt 0:03:15]} 30. f4 {[%emt 0:00:18]} g5 {[%emt 0:06:40]} 31. fxg5 {[%emt 0:00:07]} hxg5 {[%emt 0:00:06]} 32. h4 {[%emt 0:00:02]} gxh4 {[%emt 0:10:51]} 33. gxh4 {[%emt 0:00:02]} Nc5 {[%emt 0:02:56]} 34. Nb4 {[%emt 0:03:08]} Ne4 {[%emt 0:03:09]} 35. Rc6+ {[%emt 0:00:51]} Ke7 {[%emt 0:00:02]} 36. Rxb6 {[%emt 0:00:11]} Kf7 {[%emt 0:02:43]} 37. Rcc6 {[%emt 0:03:50]} Kg6 {[%emt 0:00:43]} 38. Rxe6 {[%emt 0:01:06]} Kf5 {[%emt 0:00:02]} 39. Rec6 {[%emt 0:05:56]} Rg7+ {[%emt 0:03:02]} 40. Kf1 {[%emt 0:00:00]} Ra8 {[%emt 0:00:00]} 41. Ke2 {[%emt 0:04:01]} Rg1 {[%emt 0:11:49]} 42. Rb5 {[%emt 0:02:06]} Rg2+ {[%emt 0:09:14]} 43. Kd3 {[%emt 0:01:25]} Nf2+ {[%emt 0:01:50]} 44. Kc2 {[%emt 0:00:10]} Ne4+ {[%emt 0:02:17]} 45. Kc1 {[%emt 0:01:22]} Rh8 {[%emt 0:00:52]} 46. Nxd5 {[%emt 0:00:32]} 1-0

[Event "VI Sunway Sitges Open 2019"]
[Site "Sitges"]
[Date "2019.12.18"]
[Round "6.38"]
[White "Krysa, Leandro"]
[Black "Sarkar, Justin"]
[Result "1-0"]
[WhiteElo "2527"]
[BlackElo "2360"]
[Annotator "ChessBase"]
[PlyCount "49"]
[EventDate "2019.12.13"]
[EventType "swiss"]
[EventCountry "ESP"]
[SourceTitle "playchess.com"]
[Source "ChessBase"]
[SourceQuality "1"]
[TimeControl "40/5400+30:1800+30"]

1. c4 {[%emt 0:00:00]} Nf6 {[%emt 0:08:17]} 2. Nc3 {[%emt 0:00:00]} e6 {[%emt 0:00:58]} 3. e4 {[%emt 0:00:20]} c5 {[%emt 0:01:21]} 4. e5 {[%emt 0:00:45]} Ng8 {[%emt 0:00:08]} 5. d4 {[%emt 0:00:41]} cxd4 {[%emt 0:05:20]} 6. Qxd4 {[%emt 0:00:14]} Nc6 {[%emt 0:00:08]} 7. Qe4 {[%emt 0:00:27]} d6 {[%emt 0:01:01]} 8. Nf3 {[%emt 0:00:52]} dxe5 {[%emt 0:01:51]} 9. Nxe5 {[%emt 0:00:20]} Bd7 {[%emt 0:02:26]} 10. Nxd7 {[%emt 0:10:21]} Qxd7 {[%emt 0:00:08]} 11. Bg5 {[%emt 0:02:10]} Bb4 {[%emt 0:01:12]} 12. Rd1 {[%emt 0:03:27]} Qc7 {[%emt 0:01:01]} 13. Bd3 {[%emt 0:11:38]} Bxc3+ {[%emt 0:01:05]} 14. bxc3 {[%emt 0:00:26]} Nf6 {[%emt 0:05:32]} 15. Qe3 {[%emt 0:04:55]} Ng4 {[%emt 0:23:52]} 16. Qg3 {[%emt 0:17:53]} Qe5+ {[%emt 0:08:56]} 17. Qxe5 {[%emt 0:00:11]} Ngxe5 {[%emt 0:00:10]} 18. Be2 {[%emt 0:00:20]} Na5 {[%emt 0:00:44]} 19. O-O {[%emt 0:04:04]} f6 {[%emt 0:02:02]} 20. Bc1 {[%emt 0:05:41]} Nexc4 {[%emt 0:01:16]} 21. Rd4 {[%emt 0:02:31]} Rc8 {[%emt 0:02:02]} 22. Bg4 {[%emt 0:03:32]} Ke7 {[%emt 0:13:38]} 23. Rfd1 {[%emt 0:11:07]} Rhe8 {[%emt 0:00:21]} 24. Rd7+ {[%emt 0:01:05]} Kf8 {[%emt 0:00:03]} 25. Bh5 {[%emt 0:00:21]} 1-0

[Event "VI Sunway Sitges Open 2019"]
[Site "Sitges"]
[Date "2019.12.18"]
[Round "6.39"]
[White "Esplugas Esteve, Vicenc"]
[Black "Sadhwani, Raunak"]
[Result "0-1"]
[WhiteElo "2366"]
[BlackElo "2507"]
[Annotator "ChessBase"]
[PlyCount "96"]
[EventDate "2019.12.13"]
[EventType "swiss"]
[EventCountry "ESP"]
[SourceTitle "playchess.com"]
[Source "ChessBase"]
[SourceQuality "1"]
[TimeControl "40/5400+30:1800+30"]

1. d4 {[%emt 0:00:00]} Nf6 {[%emt 0:00:08]} 2. c4 {[%emt 0:00:00]} g6 {[%emt 0:00:24]} 3. Nc3 {[%emt 0:00:00]} Bg7 {[%emt 0:00:04]} 4. e4 {[%emt 0:00:00]} d6 {[%emt 0:00:04]} 5. Nf3 {[%emt 0:00:00]} O-O {[%emt 0:00:05]} 6. Be2 {[%emt 0:00:00]} Qe8 {[%emt 0:00:04]} 7. O-O {[%emt 0:04:19]} e5 {[%emt 0:00:07]} 8. dxe5 {[%emt 0:09:15]} dxe5 {[%emt 0:00:04]} 9. b3 {[%emt 0:00:49]} Na6 {[%emt 0:00:05]} 10. Ba3 {[%emt 0:02:41]} c5 {[%emt 0:00:02]} 11. Ne1 {[%emt 0:09:02]} b6 {[%emt 0:00:50]} 12. Nd3 {[%emt 0:03:49]} Bb7 {[%emt 0:01:50]} 13. Bf3 {[%emt 0:01:12]} Rd8 {[%emt 0:04:03]} 14. Re1 {[%emt 0:09:06]} Qe7 {[%emt 0:24:42]} 15. Rc1 {[%emt 0:06:01]} Nc7 {[%emt 0:02:47]} 16. Bb2 {[%emt 0:05:37]} Ne6 {[%emt 0:07:25]} 17. Nd5 {[%emt 0:04:11]} Nxd5 {[%emt 0:00:07]} 18. exd5 {[%emt 0:01:43]} Nd4 {[%emt 0:00:06]} 19. Bxd4 {[%emt 0:04:43]} cxd4 {[%emt 0:00:02]} 20. Qd2 {[%emt 0:08:35]} Rfe8 {[%emt 0:01:59]} 21. Bd1 {[%emt 0:13:15]} e4 {[%emt 0:00:15]} 22. f3 {[%emt 0:03:19]} f5 {[%emt 0:04:12]} 23. fxe4 {[%emt 0:01:20]} fxe4 {[%emt 0:00:01]} 24. Bf3 {[%emt 0:00:19]} Qh4 {[%emt 0:00:43]} 25. g3 {[%emt 0:01:03]} Qh6 {[%emt 0:02:22]} 26. Qxh6 {[%emt 0:00:53]} Bxh6 {[%emt 0:00:01]} 27. Bxe4 {[%emt 0:00:52]} Bxc1 {[%emt 0:00:53]} 28. Nxc1 {[%emt 0:00:05]} Re7 {[%emt 0:00:12]} 29. Nd3 {[%emt 0:01:08]} Rde8 {[%emt 0:00:31]} 30. Nf2 {[%emt 0:00:24]} d3 {[%emt 0:01:47]} 31. Kg2 {[%emt 0:00:15]} d2 {[%emt 0:00:17]} 32. Rd1 {[%emt 0:00:03]} Rxe4 {[%emt 0:00:12]} 33. Nxe4 {[%emt 0:00:05]} Rxe4 {[%emt 0:00:05]} 34. Rxd2 {[%emt 0:00:04]} Bc8 {[%emt 0:00:20]} 35. Kf3 {[%emt 0:00:25]} Re5 {[%emt 0:00:12]} 36. Kf4 {[%emt 0:00:34]} Re1 {[%emt 0:01:04]} 37. b4 {[%emt 0:02:37]} Rc1 {[%emt 0:01:01]} 38. Rd4 {[%emt 0:00:52]} Kf7 {[%emt 0:00:33]} 39. Ke5 {[%emt 0:02:05]} Ke7 {[%emt 0:00:01]} 40. Rf4 {[%emt 0:00:00]} Rc2 {[%emt 0:00:00]} 41. a4 {[%emt 0:04:08]} Rxh2 {[%emt 0:05:18]} 42. c5 {[%emt 0:00:45]} Re2+ {[%emt 0:03:40]} 43. Kd4 {[%emt 0:00:11]} Bd7 {[%emt 0:09:09]} 44. a5 {[%emt 0:04:05]} bxa5 {[%emt 0:01:19]} 45. bxa5 {[%emt 0:00:07]} h5 {[%emt 0:00:12]} 46. c6 {[%emt 0:00:41]} Bf5 {[%emt 0:00:12]} 47. Kc5 {[%emt 0:03:37]} Rc2+ {[%emt 0:00:19]} 48. Kb5 {[%emt 0:00:05]} Kd6 {[%emt 0:00:43]} 0-1